• 首页
  • 本馆介绍
  • 公告通知
  • 最新文献
  • 馆藏检索
  • 电子资源
  • 读者导购
  • 参考咨询
  • 我的图书馆
  • 登录
  • 详细信息显示
  • 放入我的书架
  • 预约/预借图书
  • 作者相关作品
  • 分类相关作品
  • 丛书相关作品
  • 出版社相关作品

书目信息

  • 表格格式
  • 工作单格式
  • 卡片格式
题名:
沉沦
    
 
作者: 郁达夫 著
分册:  
出版信息: 北京   台海出版社  1998
页数: 348页
开本: 20cm
丛书名: 现代名家名作欣赏
单 册:
中图分类: I246.7 , I216.1
科图分类:
主题词: 短篇小说--中国--现代--选集 , 短篇小说 , 文学--作品集--中国
电子资源:
ISBN: 7-80141-040-8
000 00724oam2 2200265 450
001 1536104502
005 20170928095308.21
010    @a7-80141-040-8@dCNY15.80
100    @a19991119d1998 em y0chiy0110 ea
101 0  @achi
102    @aCN@b110000
105    @af z 000ad
200 1  @a沉沦@Achen lun@f郁达夫著
210    @a北京@c台海出版社@d1998
215    @a348页@c照片@d20cm
225 2  @a现代名家名作欣赏@h第一辑
461  0 @12001 @a现代名家名作欣赏
606 0  @a短篇小说@y中国@z现代@x选集
606 0  @a短篇小说
606 0  @a文学@x作品集@x中国
690    @aI246.7@v3
690    @aI216.1@v4
701  0 @a郁达夫@Ayu da fu@f(1896.12~1945.8)@4著
801  0 @aCN@bNLC@c20101222
905    @aZUCC@dI216.1@eJY293
    
    沉沦/郁达夫著.-北京:台海出版社,1998
    348页:照片;20cm.-(现代名家名作欣赏.第一辑)
    
    
    ISBN 7-80141-040-8:CNY15.80
    
●
相关链接 在E读中查询图书 在五车中查询图书 在当当中查询图书 在豆瓣中查询图书


正题名:沉沦     索取号:I216.1/JY293         预约/预借

序号 登录号 条形码 馆藏地/架位号 状态 备注
1 7838308   278383081   学院路分馆/ [索取号:I216.1/JY293] 在馆    
2 7838309   278383090   学院路分馆/ [索取号:I216.1/JY293] 在馆    
3 7838310   278383107   学院路分馆/ [索取号:I216.1/JY293] 在馆    
唐山师范学院图书馆 欢迎您!
大连网信软件有限公司© 版权所有